000 00462nam a2200181Ia 4500
001 2974
005 20260306144846.0
008 260306t1998||||xx |||||||||||||| ||spa||
041 _aESP
082 _a238
_bD75
100 _aDíez, Miguel
_eAUT
245 0 _aLa oruga, el saltón, el revoltón y la langosta:
_b(quebrantamiento mundial)
260 _c1998
300 _a268 páginas :
_c21 cm.
650 _aGEN
654 _aCHU
942 _cLIB
_dJUS
_fJUS
_2ddc
_n
999 _c2974
_d2974